1026 1236 1495 1560 1915 1538 1348 1141 1599 1213 1782 1004 1803 1661 1956 1497 1294 1471 1316 1109 1114 1858 1442 1848 1034 1918 1352 1183 1548 1877 1102 1485 1106 1184 1987 1652 1941 1564 1510 1424 1472 1361 1264 1979 1387 1315 1227 1887 1756 1756 1365 1844 1918 1689 1819 1973 1455 1114 1878 1530 1948 1755 1646 1509 1713 1144 1672 1383 1395 1016 1185 1504 1322 1358 1711 1465 1734 1834 1862 1781 1606 1652 1914 1867 1107 1522 1872 1933 1644 1394 1180 1013 1079 1294 1189 1516 1000 1073 1203 BCNSPRNW ULIB Ver.6.0+V

เปลี่ยนเป็นภาษาไทย

Change to English
 แสดงรายละเอียดบรรณานุกรม
  กลับหน้าหลัก

Brief Record : Get Marc (ISO 2709) : E-mail record : QR code < ปิดหน้าต่าง
LEADER : 00000nam 2200000uu 4500
001    13399112123
003     ULIB
008    110727s||||||||th 000 0 tha d
020    974662103
050  4 HA62^bช522ศ มปป.
100 0  ผดุง อารยะวิญญู
245 10 การวิจัยแบบกลุ่มตัวอย่างเดี่ยว =^bSingle subject design /^cผดุง อารยะวิญญู
246 31 Single subject design
260    นครปฐม :^bไอคิว,^cมปป.
300    100 หน้า :^bภาพประกอบ
650  7 กลุ่มตัวอย่างเดี่ยว^xวิจัย
650  7 วิจัย
945    ^p180^l0^i027345
995    ทศพร
999 ^a ทศพร
รายการนี้ยังไม่มีแท็ก
คุณยังไม่ได้ล็อกอิน คุณสามารถมีกิจกรรมร่วมกับเว็บไซต์ได้ แต่ต้องล็อกอินก่อน ::
  ล็อกอิน

รายการสื่อสารสนเทศ

ลำดับที่ ประเภท เลขเรียก/บาร์โค้ด สถานที่ สถานะ
- ไม่พบข้อมูล -

รายการใกล้เคียง
    ผู้แต่ง [ผดุง อารยะวิญญู]

    หัวเรื่อง [วิจัย]

BibComment


ยังไม่เคยถูกคอมเมนท์

คอมเมนท์ทรัพยากรรายการนี้
  คอมเมนท์: การวิจัยแบบกลุ่มต..


 Copyright 2026. Bcnsprnw @Library